[Event "Elllobregat op 3rd"]
[Site "Sant Boi de Llobregat"]
[Date "2022.11.30"]
[Round "1"]
[White "Ootes, Lars"]
[Black "Yu, Yangyi"]
[Result "1/2-1/2"]
[WhiteElo "2370"]
[BlackElo "2728"]
[PlyCount "151"]
[EventDate "2022.11.30"]
[EventType "swiss"]
[EventRounds "9"]
[EventCountry "ESP"]
[SourceTitle "CBM 211 Extra"]
[Source "ChessBase"]
[SourceDate "2023.01.31"]
[SourceVersion "1"]
[SourceVersionDate "2023.01.31"]
[SourceQuality "1"]

1. e4 c5 2. Nf3 Nc6 3. d4 cxd4 4. Nxd4 e6 5. Nc3 a6 6. Bf4 d6 7. Bg3 Be7 8. Qd2 Bd7 9. Nxc6 Bxc6 10. 0-0-0 Nf6 11. Bxd6 Bxd6 12. Qxd6 Qxd6 13. Rxd6 Bxe4 14. Rd2 Bc6 15. f3 Ke7 16. Bd3 Rad8 17. Re1 h5 18. Ne4 Nd5 19. a3 Nf4 20. Bf1 h4 21. b4 h3 22. g3 Ng2 23. Red1 Rxd2 24. Rxd2 Bxe4 25. fxe4 Ne3 26. Be2 Rc8 27. e5 a5 28. bxa5 Rc5 29. a4 Rxa5 30. Bb5 g5 31. Rd4 Nf5 32. Rd7+ Kf8 33. g4 Nh4 34. Rd3 Ng6 35. Rxh3 Nxe5 36. Rg3 Ra8 37. h3 Ke7 38. Rb3 Kd6 39. Kd2 f5 40. gxf5 exf5 41. Be2 Rd8 42. a5 Kc7+ 43. Ke1 Rd5 44. a6 bxa6 45. Bxa6 Ra5 46. Be2 Kc6 47. Kf2 f4 48. Rb8 Kd6 49. Rb6+ Kc5 50. Rf6 Ra2 51. Bd1 Ra1 52. Rf5 Kd4 53. c3+ Ke4 54. Bc2+ Kd5 55. Bb3+ Kd6 56. Rxg5 Ra3 57. Bd1 Rxc3 58. h4 Rc1 59. Rg1 Rb1 60. Bc2 Rb2 61. Rd1+ Ke7 62. Rd2 Kf6 63. Rd6+ Ke7 64. Rd2 Ra2 65. h5 Ra3 66. Rd4 Ng4+ 67. Ke1 Ne3 68. Bd1 Ra1 69. Ke2 Ke6 70. h6 Nxd1 71. Rxd1 f3+ 72. Kd2 Rxd1+ 73. Kxd1 Kf6 74. Ke1 Kg6 75. Kf2 Kxh6 76. Kxf3 1/2-1/2

[Event "Barcelona Vila de Grаcia op 16th"]
[Site "Barcelona"]
[Date "2022.09.30"]
[Round "1"]
[White "Infiesta Aguila, Agusti"]
[Black "Ootes, Lars"]
[Result "0-1"]
[WhiteElo "1661"]
[BlackElo "2364"]
[PlyCount "78"]
[EventDate "2022.09.30"]
[EventType "swiss"]
[EventRounds "9"]
[EventCountry "ESP"]
[SourceTitle "EXT 2024"]
[Source "ChessBase"]
[SourceDate "2023.10.10"]
[SourceVersion "1"]
[SourceVersionDate "2023.10.10"]
[SourceQuality "1"]

1. e4 d6 2. d4 g6 3. Nf3 Bg7 4. Bc4 e6 5. 0-0 a6 6. a4 Ne7 7. Re1 0-0 8. Bg5 h6 9. Bh4 b6 10. c3 Bb7 11. Nbd2 Nd7 12. Bb3 g5 13. Bg3 Ng6 14. Nf1 Nf6 15. Bc2 Nh5 16. N3d2 Nhf4 17. Ne3 h5 18. f3 a5 19. Ndf1 Nh4 20. Qd2 Nfxg2 21. Bxh4 Nxh4 22. Qf2 Qf6 23. Bd1 c5 24. dxc5 bxc5 25. Ng3 Qh6 26. Nc4 Rfd8 27. Ne3 Ng6 28. Ng2 Be5 29. Nxh5 Bxh2+ 30. Kxh2 Qxh5+ 31. Kg3 f5 32. exf5 Nf4 33. Nxf4 gxf4+ 34. Kxf4 Qh6+ 35. Kg3 Kf7 36. fxe6+ Ke7 37. Qe3 Rg8+ 38. Kf2 Qh2+ 39. Kf1 Qg2# 0-1

[Event "Utrecht OKU Masters 47th"]
[Site "Utrecht"]
[Date "2022.05.28"]
[Round "7"]
[White "Margarido, Jose Miguel Teixeir"]
[Black "Ootes, Lars"]
[Result "0-1"]
[WhiteElo "2127"]
[BlackElo "2354"]
[PlyCount "148"]
[EventDate "2022.02.13"]
[EventType "tourn"]
[EventRounds "9"]
[EventCountry "NED"]
[SourceTitle "EXT 2023"]
[Source "ChessBase"]
[SourceDate "2022.10.05"]
[SourceVersion "1"]
[SourceVersionDate "2022.10.05"]
[SourceQuality "1"]

1. e4 d6 2. d4 g6 3. Nf3 Nf6 4. Nc3 Bg7 5. Be2 0-0 6. 0-0 Nc6 7. d5 Nb8 8. Be3 Re8 9. Re1 e5 10. dxe6 Bxe6 11. Qd2 Bd7 12. Bg5 Qc8 13. Bc4 Be6 14. Bf1 Nc6 15. h3 Nd7 16. Rad1 Nce5 17. Be2 a6 18. a4 f6 19. Be3 Nxf3+ 20. Bxf3 Ne5 21. Be2 Nf7 22. b3 c6 23. a5 Qd8 24. Na4 Qe7 25. Nb6 Rad8 26. Bc4 Qf8 27. Bf4 Bxc4 28. Nxc4 Re6 29. Bg3 Qe7 30. f3 Bf8 31. Qd3 d5 32. exd5 Rxd5 33. Qc3 Rxd1 34. Rxd1 Qc5+ 35. Bf2 Qe7 36. Re1 Ng5 37. Rxe6 Nxe6 38. Qe1 Kf7 39. Qe3 Qd8 40. Qd2 Qd5 41. Kf1 Ke8 42. Ke2 Qf5 43. Be3 g5 44. Qd3 Qg6 45. Nb6 Qxd3+ 46. Kxd3 Bb4 47. Nc4 Ke7 48. Ke4 Bc5 49. Bxc5+ Nxc5+ 50. Ke3 Ne6 51. g3 Ng7 52. Ke4 Nh5 53. g4 Nf4 54. h4 Ne6 55. h5 Nf4 56. Ne3 Ke6 57. Nc4 Nd5 58. Na3 Nb4 59. c4 c5 60. Nb1 Nc6 61. Nd2 Nxa5 62. f4 h6 63. Ke3 b6 64. Ke4 b5 65. Ke3 bxc4 66. bxc4 Nb7 67. fxg5 fxg5 68. Ke4 a5 69. Nf1 Nd6+ 70. Kd3 Ke5 71. Ne3 Kf4 72. Nd5+ Kxg4 73. Nf6+ Kh4 74. Nd7 Nb7 0-1

[Event "Utrecht OKU Masters 47th"]
[Site "Utrecht"]
[Date "2022.05.27"]
[Round "4"]
[White "Ootes, Lars"]
[Black "Lombaers, Peter"]
[Result "1-0"]
[WhiteElo "2354"]
[BlackElo "2355"]
[PlyCount "103"]
[EventDate "2022.02.13"]
[EventType "tourn"]
[EventRounds "9"]
[EventCountry "NED"]
[SourceTitle "EXT 2023"]
[Source "ChessBase"]
[SourceDate "2022.10.05"]
[SourceVersion "1"]
[SourceVersionDate "2022.10.05"]
[SourceQuality "1"]

1. e4 c5 2. Nf3 Nc6 3. d4 cxd4 4. Nxd4 Nf6 5. Nc3 e5 6. Ndb5 d6 7. Nd5 Nxd5 8. exd5 Nb8 9. a4 Be7 10. Bd2 a6 11. Na3 b6 12. a5 Nd7 13. axb6 Qxb6 14. Nc4 Qd4 15. Bb4 Qe4+ 16. Qe2 Qxd5 17. Rd1 Qb7 18. Bxd6 h5 19. Qe3 Nf6 20. Na5 Qe4 21. Bxe7 Kxe7 22. Qxe4 Nxe4 23. Nc6+ Kf6 24. f3 Nc5 25. Rd5 Ne6 26. Rd6 Bb7 27. Na5 Bc8 28. Bd3 Rd8 29. Rb6 Bd7 30. b4 Rab8 31. Nb7 Rdc8 32. Nc5 Ke7 33. Rxb8 Rxb8 34. Nxd7 Kxd7 35. c3 a5 36. bxa5 Rb2 37. 0-0 Ra2 38. a6 Nc5 39. Bb5+ Ke7 40. Rd1 h4 41. Rd5 Ra1+ 42. Kf2 Ne6 43. Rxe5 Kd6 44. Re4 Ra2+ 45. Re2 Ra5 46. Bc4 Nc5 47. Ra2 Rxa2+ 48. Bxa2 Nxa6 49. Bxf7 Ke5 50. g3 hxg3+ 51. hxg3 g5 52. Ke3 1-0

[Event "Castelldefels Llobregat op 2nd"]
[Site "Castelldefels"]
[Date "2021.12.03"]
[Round "4"]
[White "Karthik, Venkataraman"]
[Black "Ootes, Lars"]
[Result "1-0"]
[WhiteElo "2491"]
[BlackElo "2376"]
[PlyCount "51"]
[EventDate "2021.11.30"]
[EventType "swiss"]
[EventRounds "9"]
[EventCountry "ESP"]
[SourceTitle "CBM 205 Extra"]
[Source "ChessBase"]
[SourceDate "2022.01.31"]
[SourceVersion "1"]
[SourceVersionDate "2022.01.31"]
[SourceQuality "1"]

1. e4 d6 2. d4 Nf6 3. Nc3 g6 4. Be3 a6 5. h3 b6 6. g4 b5 7. Bg2 Bb7 8. a3 Bg7 9. Nge2 h5 10. g5 Nfd7 11. 0-0 e5 12. f4 exf4 13. Nxf4 Nb6 14. Qf3 Qe7 15. Rae1 N8d7 16. Ncd5 Nxd5 17. exd5 0-0-0 18. h4 Rde8 19. Bf2 Qd8 20. Rc1 Nb6 21. b3 f6 22. c4 fxg5 23. Nxg6 Rh6 24. Rfe1 Kb8 25. Qf7 Rxe1+ 26. Rxe1 1-0

[Event "Barcelona Tres Peons IM"]
[Site "Barcelona"]
[Date "2021.09.20"]
[Round "1"]
[White "Ootes, Lars"]
[Black "Panelo Munoz, Marcelo A"]
[Result "1-0"]
[WhiteElo "2376"]
[BlackElo "2400"]
[PlyCount "127"]
[EventDate "2021.09.20"]
[EventType "tourn"]
[EventRounds "9"]
[EventCountry "ESP"]
[EventCategory "2"]
[SourceTitle "EXT 2023"]
[Source "ChessBase"]
[SourceDate "2022.10.05"]
[SourceVersion "1"]
[SourceVersionDate "2022.10.05"]
[SourceQuality "1"]

1. e4 c5 2. Nf3 d6 3. d4 cxd4 4. Nxd4 Nf6 5. Nc3 a6 6. Bg5 Nbd7 7. Qe2 h6 8. Bh4 g6 9. 0-0-0 Bg7 10. g4 b5 11. Nc6 Qc7 12. Nxe7 Qc5 13. f4 Kxe7 14. e5 dxe5 15. fxe5 Nxe5 16. Rd5 Qc7 17. Rxe5+ Kf8 18. Nd5 Qd6 19. Re8+ Nxe8 20. Be7+ Kg8 21. Bxd6 Nxd6 22. Qe7 Nc4 23. Bxc4 bxc4 24. Rf1 Be6 25. Nc7 Ra7 26. Qc5 Rxc7 27. Qxc7 c3 28. b3 h5 29. g5 Kh7 30. a4 Rc8 31. Qb7 Rc5 32. h4 a5 33. Kb1 Kg8 34. Rd1 Rf5 35. Qe7 Kh7 36. Qe8 Bd5 37. Qd8 Be6 38. Qb6 Re5 39. Qc7 Re2 40. Qb6 Bf5 41. Rc1 Re5 42. Qc7 Re4 43. Qxf7 Rxh4 44. Re1 Rf4 45. Re7 Bxc2+ 46. Kxc2 Rxf7 47. Rxf7 Kg8 48. Ra7 h4 49. Rxa5 h3 50. Rd5 h2 51. Rd1 Kf7 52. a5 Ke6 53. a6 Bd4 54. Rh1 Kf5 55. Rxh2 Kxg5 56. Rg2+ Kf5 57. Kd3 Bb6 58. Kxc3 g5 59. Kc4 Kf4 60. Kb5 Bd4 61. Kc6 g4 62. b4 Kf3 63. Rxg4 Kxg4 64. b5 1-0

[Event "Sitges Sunway 7th"]
[Site "Sitges"]
[Date "2020.12.16"]
[Round "4"]
[White "Ootes, Lars"]
[Black "Perez Bolanos, David"]
[Result "1-0"]
[WhiteElo "2373"]
[BlackElo "2068"]
[PlyCount "61"]
[EventDate "2020.12.13"]
[EventType "swiss"]
[EventRounds "10"]
[EventCountry "ESP"]
[SourceTitle "CBM 199 Extra"]
[Source "ChessBase"]
[SourceDate "2021.01.31"]
[SourceVersion "1"]
[SourceVersionDate "2021.01.31"]
[SourceQuality "1"]

1. e4 c5 2. Nf3 Nc6 3. d4 cxd4 4. Nxd4 e5 5. Nb5 d6 6. N1c3 a6 7. Na3 b5 8. Nd5 Nf6 9. c4 b4 10. Nc2 Nxe4 11. g3 Nf6 12. Bg2 Nxd5 13. Bxd5 Qc7 14. Qf3 Bb7 15. Bd2 a5 16. a3 bxa3 17. Rxa3 g6 18. Rb3 Rc8 19. Qf6 Rg8 20. 0-0 Nd8 21. Bxa5 Qxa5 22. Rxb7 Rg7 23. Ra1 Nxb7 24. Rxa5 Nxa5 25. Bxf7+ Rxf7 26. Qe6+ Re7 27. Qxc8+ Kf7 28. Ne3 Nb3 29. Nd5 Ra7 30. Qb8 Ra1+ 31. Kg2 1-0

[Event "Sitges Sunway 7th"]
[Site "Sitges"]
[Date "2020.12.14"]
[Round "2"]
[White "Ootes, Lars"]
[Black "Cornette, Matthieu"]
[Result "0-1"]
[WhiteElo "2373"]
[BlackElo "2558"]
[PlyCount "94"]
[EventDate "2020.12.13"]
[EventType "swiss"]
[EventRounds "10"]
[EventCountry "ESP"]
[SourceTitle "CBM 199 Extra"]
[Source "ChessBase"]
[SourceDate "2021.01.31"]
[SourceVersion "1"]
[SourceVersionDate "2021.01.31"]
[SourceQuality "1"]

1. e4 c5 2. Nf3 Nc6 3. d4 cxd4 4. Nxd4 e5 5. Nb5 d6 6. N1c3 a6 7. Na3 Be6 8. Nc4 Rb8 9. h4 Nf6 10. Bg5 Nd4 11. Nd5 Bxd5 12. exd5 h6 13. Bxf6 Qxf6 14. c3 Nf5 15. Nb6 Qd8 16. Qa4+ Ke7 17. Qb4 h5 18. a4 g6 19. a5 Nh6 20. Bd3 f5 21. Bc2 Ng4 22. Ba4 Qc7 23. Rd1 Rd8 24. Qa3 Bh6 25. c4 e4 26. 0-0 Kf7 27. Rfe1 Qe7 28. Qh3 e3 29. fxe3 Bxe3+ 30. Rxe3 Qxe3+ 31. Qxe3 Nxe3 32. Re1 f4 33. g3 Nf5 34. gxf4 Nxh4 35. Re6 Nf5 36. Kg2 Rhg8 37. Bd7 g5 38. Re4 Rxd7 39. Nxd7 g4 40. Re6 Rg6 41. Re1 h4 42. c5 h3+ 43. Kh2 Rh6 44. c6 g3+ 45. Kg1 bxc6 46. dxc6 Ne3 47. Re2 g2 0-1

[Event "NED-chT 1920"]
[Site "Netherlands"]
[Date "2019.09.28"]
[Round "1.7"]
[White "Dek, Lennart"]
[Black "Ootes, Lars"]
[Result "0-1"]
[WhiteElo "2307"]
[BlackElo "2358"]
[PlyCount "108"]
[EventDate "2019.09.28"]
[EventType "team-tourn"]
[EventRounds "9"]
[EventCountry "NED"]
[SourceTitle "CBM 193 Extra"]
[Source "ChessBase"]
[SourceDate "2020.01.31"]
[SourceVersion "1"]
[SourceVersionDate "2020.01.31"]
[SourceQuality "1"]
[WhiteTeam "Kennemer Combinatie"]
[BlackTeam "BSG"]
[WhiteTeamCountry "NED"]
[BlackTeamCountry "NED"]

1. e4 d6 2. d4 Nf6 3. Nc3 g6 4. Nf3 Bg7 5. h3 0-0 6. Be3 a6 7. a4 Nc6 8. Qd2 e5 9. dxe5 dxe5 10. Qxd8 Rxd8 11. Bc4 Be6 12. Bxe6 fxe6 13. Ng5 Re8 14. Rd1 Bf8 15. 0-0 Kg7 16. f4 exf4 17. Rxf4 h6 18. e5 Nxe5 19. Nge4 Nfd7 20. Rdf1 Kg8 21. Nf6+ Nxf6 22. Rxf6 Bg7 23. Ne4 Rad8 24. b3 b6 25. R6f2 Re7 26. a5 bxa5 27. Bc5 Rf7 28. Rxf7 Nxf7 29. Be7 Re8 30. Bf6 Nd6 31. Nc5 e5 32. Nxa6 Bxf6 33. Rxf6 Kg7 34. Rf2 Re7 35. Nb8 Re6 36. Re2 Nf5 37. Nd7 e4 38. Nc5 Re5 39. Na4 Nd4 40. Re3 Nxc2 41. Rc3 e3 42. Rxc7+ Kf6 43. Rc6+ Kg5 44. Nc3 e2 45. Nxe2 Rxe2 46. h4+ Kh5 47. g4+ Kxh4 48. Kf1 Rd2 49. Rxg6 Kg3 50. g5 Rf2+ 51. Kg1 h5 52. Rf6 Rxf6 53. gxf6 Nd4 54. f7 Ne6 0-1

[Event "Utrecht OKU op 46th"]
[Site "Utrecht"]
[Date "2019.06.01"]
[Round "3"]
[White "Warmerdam, Max"]
[Black "Ootes, Lars"]
[Result "1-0"]
[WhiteElo "2476"]
[BlackElo "2360"]
[PlyCount "71"]
[EventDate "2019.05.31"]
[EventType "swiss"]
[EventRounds "6"]
[EventCountry "NED"]
[SourceTitle "CBM 190 Extra"]
[Source "ChessBase"]
[SourceDate "2019.07.15"]
[SourceVersion "1"]
[SourceVersionDate "2019.07.15"]
[SourceQuality "1"]

1. e4 d6 2. d4 Nf6 3. Bd3 g6 4. Nf3 Bg7 5. c3 0-0 6. 0-0 e6 7. Re1 Nc6 8. h3 h6 9. Na3 Nd7 10. b4 e5 11. Nc2 Ne7 12. a4 Qe8 13. dxe5 dxe5 14. Ba3 a5 15. bxa5 Rxa5 16. Ne3 c5 17. Bb5 Nc6 18. Nc4 Ra7 19. Qd6 Bf6 20. Rad1 Be7 21. Qd2 Kg7 22. Nfxe5 Ndxe5 23. Nxe5 Be6 24. Nd7 Bxd7 25. Qxd7 Qa8 26. Rd5 Rd8 27. Qc7 Rc8 28. Qg3 b6 29. Bc1 Bf8 30. Red1 Re7 31. Rd7 Rce8 32. Rc7 Re6 33. Qf4 R8e7 34. Rxe7 Nxe7 35. Bc4 Qxe4 36. Bxe6 1-0

[Event "EU-Cup 34th"]
[Site "Porto Carras"]
[Date "2018.10.18"]
[Round "7.3"]
[White "Djurhuus, Rune"]
[Black "Ootes, Lars"]
[Result "1-0"]
[WhiteElo "2439"]
[BlackElo "2372"]
[PlyCount "107"]
[EventDate "2018.10.12"]
[EventType "team-swiss"]
[EventRounds "7"]
[EventCountry "GRE"]
[SourceTitle "CBM 187"]
[Source "ChessBase"]
[SourceDate "2018.12.11"]
[SourceVersion "1"]
[SourceVersionDate "2018.12.11"]
[SourceQuality "1"]
[WhiteTeam "Nordstrand"]
[BlackTeam "BSG"]
[WhiteTeamCountry "NOR"]
[BlackTeamCountry "NED"]

1. Nf3 d6 2. c4 f5 3. Nc3 Nf6 4. d4 g6 5. Bf4 Bg7 6. Qd2 0-0 7. Bh6 Bxh6 8. Qxh6 Nc6 9. Rd1 e6 10. g3 Qe7 11. Bg2 e5 12. Nd5 Nxd5 13. cxd5 Nd8 14. dxe5 dxe5 15. d6 cxd6 16. Ng5 e4 17. Rxd6 Ne6 18. h4 Re8 19. Rd2 Nxg5 20. hxg5 Be6 21. a3 Red8 22. Rxd8+ Rxd8 23. Qh4 Qc7 24. 0-0 Rd2 25. f3 Rxe2 26. fxe4 Rxb2 27. exf5 Rxg2+ 28. Kxg2 Qc2+ 29. Kg1 Qc5+ 30. Kh2 Qc2+ 31. Kg1 Qc5+ 32. Kh2 Qc2+ 33. Kh3 Qe2 34. Qf4 gxf5 35. Qf3 Qc4 36. Kh2 Bd5 37. Qxf5 Qe2+ 38. Rf2 Qh5+ 39. Qh3 Qxg5 40. Rf4 h5 41. Qf5 Qxf5 42. Rxf5 Bf7 43. Rc5 Kf8 44. Rc8+ Be8 45. Rb8 b5 46. Ra8 Ke7 47. Kh3 a5 48. Rxa5 Kd6 49. Kh4 Kc6 50. Ra8 Bf7 51. Rf8 Bd5 52. Kxh5 Kc5 53. g4 Kc4 54. Rf4+ 1-0

[Event "EU-Cup 34th"]
[Site "Porto Carras"]
[Date "2018.10.17"]
[Round "6.3"]
[White "Ootes, Lars"]
[Black "Buscher, Michael"]
[Result "1/2-1/2"]
[WhiteElo "2372"]
[BlackElo "2393"]
[PlyCount "169"]
[EventDate "2018.10.12"]
[EventType "team-swiss"]
[EventRounds "7"]
[EventCountry "GRE"]
[SourceTitle "CBM 187"]
[Source "ChessBase"]
[SourceDate "2018.12.11"]
[SourceVersion "1"]
[SourceVersionDate "2018.12.11"]
[SourceQuality "1"]
[WhiteTeam "BSG"]
[BlackTeam "Amaytos"]
[WhiteTeamCountry "NED"]
[BlackTeamCountry "BEL"]

1. e4 c5 2. Nf3 Nc6 3. d4 cxd4 4. Nxd4 Nf6 5. Nc3 d6 6. Bg5 e6 7. Qd2 a6 8. 0-0-0 Bd7 9. f4 Be7 10. Nf3 b5 11. e5 b4 12. exf6 bxc3 13. Qxc3 gxf6 14. Bh4 d5 15. Kb1 Nb4 16. Nd4 Rc8 17. Qd2 Qb6 18. Be2 Rg8 19. Bf3 Qa5 20. a3 Nc6 21. Nxc6 Qxd2 22. Rxd2 Bxc6 23. Re1 f5 24. Bf2 Bf6 25. Bc5 Bb7 26. Bd6 Kd7 27. Be5 Bxe5 28. fxe5 Rc4 29. Re3 Rgc8 30. Red3 Ke7 31. b3 R4c7 32. Rd4 f6 33. exf6+ Kxf6 34. Rb4 Ba8 35. Be2 a5 36. Ra4 Rc5 37. Rh4 R8c7 38. Rh6+ Ke5 39. Bd3 d4 40. Re2+ Be4 41. Rh4 Kd6 42. Bxe4 fxe4 43. Rhxe4 e5 44. g4 Rf7 45. h4 Rf3 46. Kb2 Rd5 47. Rd2 Rg3 48. g5 Ke6 49. Rf2 Rd6 50. Ree2 Rg4 51. Rf8 e4 52. Re8+ Kd5 53. c4+ dxc3+ 54. Kxc3 Rc6+ 55. Kb2 Rxh4 56. Rd2+ Kc5 57. Rc2+ Kb6 58. Rb8+ Ka7 59. Rxc6 Kxb8 60. a4 e3 61. Re6 Rg4 62. Rxe3 Rxg5 63. Re8+ Kc7 64. Re7+ Kb6 65. Rxh7 Rg2+ 66. Ka3 Rf2 67. Rh6+ Kb7 68. Rh1 Kb6 69. Rb1 Rh2 70. Rb2 Rh3 71. Rd2 Rc3 72. Kb2 Rc8 73. Rd5 Rc7 74. Rd6+ Kb7 75. Rd4 Kb6 76. Rc4 Rh7 77. Rc8 Rh2+ 78. Rc2 Rh3 79. Rd2 Rh6 80. Rd3 Rc6 81. Rd4 Rc7 82. Rd6+ Kb7 83. Re6 Rc8 84. Re4 Kb6 85. Rc4 1/2-1/2

[Event "Badalona op 44th"]
[Site "Badalona"]
[Date "2018.08.08"]
[Round "8"]
[White "De Strycker, Nathan"]
[Black "Ootes, Lars"]
[Result "1/2-1/2"]
[WhiteElo "2251"]
[BlackElo "2379"]
[PlyCount "42"]
[EventDate "2018.08.01"]
[EventType "swiss"]
[EventRounds "9"]
[EventCountry "ESP"]
[SourceTitle "CBM 185 Extra"]
[Source "ChessBase"]
[SourceDate "2018.07.29"]
[SourceVersion "1"]
[SourceVersionDate "2018.07.29"]
[SourceQuality "1"]

1. d4 d6 2. c4 f5 3. Nf3 Nf6 4. g3 g6 5. Bg2 Bg7 6. 0-0 0-0 7. b3 c6 8. Bb2 a5 9. Nc3 Qc7 10. d5 Na6 11. Nd4 e5 12. dxe6 Nc5 13. Qd2 a4 14. Rad1 axb3 15. axb3 Re8 16. Ra1 Rxa1 17. Rxa1 Qb6 18. Na4 Nxa4 19. Rxa4 Bxe6 20. Nxe6 Rxe6 21. Bxf6 Bxf6 1/2-1/2

[Event "Catalunya-chT GpA final"]
[Site "Barcelona"]
[Date "2018.04.14"]
[Round "4.1"]
[White "Movsziszian, Karen"]
[Black "Ootes, Lars"]
[Result "1-0"]
[WhiteElo "2541"]
[BlackElo "2372"]
[PlyCount "61"]
[EventDate "2018.03.10"]
[EventType "team-tourn"]
[EventRounds "4"]
[EventCountry "ESP"]
[SourceTitle "EXT 2019"]
[Source "ChessBase"]
[SourceDate "2018.10.10"]
[SourceVersion "1"]
[SourceVersionDate "2018.10.10"]
[SourceQuality "1"]
[WhiteTeam "Sant Andreu"]
[BlackTeam "Tres Peons"]
[WhiteTeamCountry "ESP"]
[BlackTeamCountry "ESP"]

1. g3 g6 2. Bg2 Bg7 3. c4 c5 4. Nc3 Nc6 5. a3 e6 6. b4 Nxb4 7. axb4 cxb4 8. Nb5 Bxa1 9. Qa4 Bf6 10. Qxb4 Ne7 11. Nd6+ Kf8 12. Bb2 Nc6 13. Bxc6 dxc6 14. Nxc8+ Kg7 15. Nd6 c5 16. Bxf6+ Qxf6 17. Qb1 Qd4 18. Ne4 Qxc4 19. Nf3 f6 20. 0-0 b6 21. Nxf6 Kxf6 22. Qb2+ Ke7 23. Qg7+ Kd6 24. d4 Qxe2 25. Ne5 Kd5 26. Qd7+ Ke4 27. f3+ Ke3 28. dxc5 h5 29. Nc4+ Qxc4 30. Re1+ Kxf3 31. Qd1+ 1-0

[Event "Barcelona Tres Peons-A 20th"]
[Site "Barcelona"]
[Date "2018.02.21"]
[Round "7.3"]
[White "Comellas Blanchart, Jordi"]
[Black "Ootes, Lars"]
[Result "0-1"]
[WhiteElo "2149"]
[BlackElo "2370"]
[PlyCount "36"]
[EventDate "2018.01.10"]
[EventType "swiss"]
[EventRounds "9"]
[EventCountry "ESP"]
[SourceTitle "EXT 2024"]
[Source "ChessBase"]
[SourceDate "2023.10.10"]
[SourceVersion "1"]
[SourceVersionDate "2023.10.10"]
[SourceQuality "1"]

1. d4 d6 2. Nf3 g6 3. c4 f5 4. g3 Bg7 5. Bg2 Nf6 6. 0-0 0-0 7. b3 c6 8. Bb2 Na6 9. Qc2 Rb8 10. Nbd2 b5 11. a3 bxc4 12. Nxc4 Be6 13. Rac1 Bd5 14. Ne1 Qd7 15. Nd3 Rfc8 16. b4 Nc7 17. Na5 Ne6 18. Nxc6 Rxc6 0-1

[Event "Barcelona Tres Peons-A 20th"]
[Site "Barcelona"]
[Date "2018.02.07"]
[Round "5.1"]
[White "Ootes, Lars"]
[Black "Capellades Subirana, Marc"]
[Result "1/2-1/2"]
[WhiteElo "2370"]
[BlackElo "2190"]
[PlyCount "124"]
[EventDate "2018.01.10"]
[EventType "swiss"]
[EventRounds "9"]
[EventCountry "ESP"]
[SourceTitle "EXT 2024"]
[Source "ChessBase"]
[SourceDate "2023.10.10"]
[SourceVersion "1"]
[SourceVersionDate "2023.10.10"]
[SourceQuality "1"]

1. e4 e5 2. Nf3 Nc6 3. Bb5 a6 4. Ba4 g6 5. d4 exd4 6. Nxd4 Bg7 7. Nxc6 bxc6 8. Nc3 Ne7 9. Bg5 h6 10. Be3 0-0 11. Qd2 Kh7 12. 0-0-0 d6 13. h4 Be6 14. h5 g5 15. f4 f6 16. Ne2 c5 17. e5 fxe5 18. fxg5 Nf5 19. Bc6 Nxe3 20. Qxe3 Rb8 21. g6+ Kg8 22. Nc3 e4 23. Bxe4 Bf6 24. Kb1 Bg5 25. Qe1 Re8 26. Rf1 Bf6 27. Qd2 Qe7 28. Bc6 Rf8 29. Rde1 Qg7 30. Rf3 Be5 31. Bd5 Bxd5 32. Qxd5+ Kh8 33. Rxf8+ Qxf8 34. Rxe5 dxe5 35. Qxe5+ Qg7 36. Qxc5 Re8 37. a4 Qe5 38. Qc4 Qe1+ 39. Ka2 Qe6 40. Qxe6 Rxe6 41. b4 Re5 42. g4 Rg5 43. b5 axb5 44. Nxb5 Rxg4 45. Kb3 c5 46. c3 Rg5 47. a5 Rxh5 48. a6 Rd5 49. Kc4 Rd8 50. Kxc5 h5 51. Nd6 Kg7 52. Kc6 Kxg6 53. Kc7 Ra8 54. Kb7 Rd8 55. Ne4 h4 56. a7 Kf5 57. Nf2 Ke5 58. a8Q Rxa8 59. Kxa8 Kd5 60. Kb7 Kc4 61. Kc6 h3 62. Nxh3 Kxc3 1/2-1/2